000 00410 a2200133 4500
001 90516
082 _a613.283 ALL
090 _c42850
_d42850
100 _aAllan Christian B ; Wolfgang Lutz
245 _aLife without bread
_bHow can a low carbohydrate diet can save your life
_cChristian B Allan
_hEnglish
260 _aNew York
_bMcGraw Hill
_c2000
300 _axiv, 240p.
500 _aGeneral Collection
942 _aCAE NUST
_k613.283 ALL
999 _c325589
_d325589